| 000 | 00383nam a22001457a 4500 | ||
|---|---|---|---|
| 008 | 210429b ||||| |||| 00| 0 eng d | ||
| 020 | _a9780807736975 | ||
| 041 | _aeng | ||
| 080 | _a37 | ||
| 082 | _a37 | ||
| 100 | _a46 | ||
| 101 | _aEDU | ||
| 245 |
_aInterviewing as Qualitative Research A Guide for Researches in Education in the Social Sciences _cSeidman,I |
||
| 942 |
_2udc _cBK |
||
| 999 |
_c56928 _d56928 |
||